| 000 | 03236cam a2200445 a 4500 | ||
|---|---|---|---|
| 001 | 15152718 | ||
| 003 | ARRUPE | ||
| 005 | 20140408135036.0 | ||
| 008 | 080124s2007 enka b 001 0 eng d | ||
| 010 | _a 2008295740 | ||
| 015 |
_aGBA766224 _2bnb |
||
| 016 | 7 |
_a013823714 _2Uk |
|
| 020 | _a9780521848015 (hbk) | ||
| 020 | _a0521848016 (hbk) | ||
| 020 | _a9780521612661 (pbk.) | ||
| 020 | _a0521612667 (pbk.) | ||
| 035 | _a(OCoLC)ocn154682247 | ||
| 040 |
_aUKM _cUKM _dBTCTA _dYDXCP _dBWKUK _dBAKER _dSHH _dDLC |
||
| 042 | _alccopycat | ||
| 050 | 0 | 0 |
_aPA6484 _b.C33 2007 |
| 082 | 0 | 0 |
_a187 _222 |
| 245 | 0 | 4 |
_aThe Cambridge companion to Lucretius / _cedited by Stuart Gillespie, Philip Hardie. |
| 246 | 3 | _aCompanion to Lucretius | |
| 260 |
_aCambridge, UK ; _aNew York : _bCambridge University Press, _c2007. |
||
| 300 |
_axiv, 365 p. : _bill. ; _c23 cm. |
||
| 440 | 0 |
_aCambridge companions to literature _99808 |
|
| 504 | _aIncludes bibliographical references (p. 327-356) and indexes. | ||
| 505 | 0 | _apt. 1. Antiquity. Lucretius and Greek philosophy / James Warren -- Lucretius and the Herculaneum library / Dirk Obbink -- Lucretius and Roman politics and history / Alessandro Schiesaro -- Lucretius and previous poetic traditions / Monica Gale -- Lucretian architecture : the structure and argument of the De rerum natura / Joseph Farrell -- Lucretian texture : style, metre and rhetoric in the De rerum natura / E. J. Kenney -- Lucretius and later Latin literature in antiquity / Philip Hardie -- pt. 2. Themes. Lucretius and the history of science / Monte Johnson and Catherine Wilson -- Moral and political philosophy : reading of Lucretius from Virgil to Voltaire / Reid Barbour -- Lucretius and the sublime / James I. Porter -- Religion and enlightenment in the neo-Latin reception of Lucretius / Yasmin Haskell -- pt. 3. Reception. Lucretius in the Middle Ages and early Renaissance : transmission and scholarship / Michael Reeve -- Lucretius in the Italian Renaissance / Valentina Prosperi -- Lucretius in early modern France / Philip Ford -- Lucretius in the English Renaissance / Stuart Gillespie -- The English voices of Lucretius from Lucy Hutchinson to John Mason Good / David Hopkins -- Lucretius in the European Enlightenment / Eric Baker -- Lucretius in Romantic and Victorian Britain / Martin Priestman -- Lucretius and the moderns / Stuart Gillespie and Donald Mackenzie. | |
| 600 | 1 | 0 |
_aLucretius Carus, Titus. _tDe rerum natura. _99809 |
| 650 | 0 |
_aDidactic poetry, Latin _xHistory and criticism. _99810 |
|
| 650 | 0 |
_aPhilosophy, Ancient, in literature. _99811 |
|
| 700 | 1 |
_aGillespie, Stuart, _d1958- _99812 |
|
| 700 | 1 |
_aHardie, Philip R. _99813 |
|
| 856 | 4 | 2 |
_3Contributor biographical information _uhttp://www.loc.gov/catdir/enhancements/fy0808/2008295740-b.html |
| 856 | 4 | 2 |
_3Publisher description _uhttp://www.loc.gov/catdir/enhancements/fy0808/2008295740-d.html |
| 856 | 4 | 1 |
_3Table of contents only _uhttp://www.loc.gov/catdir/enhancements/fy0808/2008295740-t.html |
| 906 |
_a7 _bcbc _ccopycat _d2 _encip _f20 _gy-gencatlg |
||
| 942 |
_2lcc _cMONOGRAPH |
||
| 999 |
_c120392 _d120392 |
||